[Event "WchT Seniors 65"]
[Site "Radebeul"]
[Date "2016.06.27"]
[Round "2.4"]
[White "Quinn, John M"]
[Black "Sollid, Stein"]
[Result "1-0"]
[WhiteElo "2152"]
[BlackElo "2014"]
[PlyCount "79"]
[EventDate "2016.06.26"]
[EventType "team-swiss"]
[EventRounds "9"]
[EventCountry "GER"]
[SourceTitle "CBM 173 Extra"]
[Source "ChessBase"]
[SourceDate "2016.08.29"]
[SourceVersion "1"]
[SourceVersionDate "2016.08.29"]
[SourceQuality "1"]
[WhiteTeam "England"]
[BlackTeam "Norway"]
[WhiteTeamCountry "ENG"]
[BlackTeamCountry "NOR"]

1. d4 Nf6 2. c4 e6 3. Nf3 b6 4. a3 Bb7 5. Nc3 Ne4 6. Qc2 Nxc3 7. Qxc3 a5 8. b3 Be7 9. Bb2 0-0 10. g3 f5 11. Bg2 Bf6 12. 0-0 Be4 13. Nd2 Bxg2 14. Kxg2 Nc6 15. Qd3 d5 16. e3 Qd7 17. Rac1 Ne7 18. Rc2 c6 19. Rfc1 Ra7 20. a4 Rb8 21. Ba3 Kf7 22. Bxe7 Bxe7 23. Nf3 Bf6 24. cxd5 cxd5 25. Rc6 Rbb7 26. Qb5 Rc7 27. Qxb6 Rcb7 28. Qc5 Rxb3 29. Rc8 Kg6 30. Rh8 Qe7 31. Qc8 Qf7 32. h4 Kh6 33. Rc6 Rab7 34. Rxe6 Rb8 35. Ng5 Qg6 36. Qxb8 Rxb8 37. Rxb8 Kh5 38. Rb5 h6 39. Nf3 Qg4 40. Rxd5 1-0

[Event "NOR-ch Seniors-A"]
[Site "Oslo"]
[Date "2015.07.09"]
[Round "7"]
[White "Sollid, Stein"]
[Black "Taksrud, Vidar"]
[Result "0-1"]
[WhiteElo "2006"]
[BlackElo "2028"]
[PlyCount "56"]
[EventDate "2015.07.04"]
[EventType "swiss"]
[EventRounds "9"]
[EventCountry "NOR"]
[SourceTitle "EXT 2017"]
[Source "ChessBase"]
[SourceDate "2016.10.25"]
[SourceVersion "1"]
[SourceVersionDate "2016.10.25"]
[SourceQuality "1"]

1. e4 c6 2. d4 d5 3. exd5 cxd5 4. c4 Nf6 5. Nc3 e6 6. Nf3 Nc6 7. Bg5 Qb6 8. c5 Qc7 9. Bb5 Bd7 10. 0-0 Be7 11. Re1 0-0 12. Qd2 a6 13. Bf4 Qd8 14. Bxc6 Bxc6 15. Ne5 Be8 16. h3 Nd7 17. Nd3 Nb8 18. Rab1 Nc6 19. Ne5 Nxe5 20. Bxe5 f6 21. Bg3 Bf7 22. b4 Qd7 23. a4 a5 24. bxa5 Bd8 25. Rb5 Bxa5 26. Reb1 Ra7 27. Rxa5 Rxa5 28. Nxd5 Rxa4 0-1

[Event "WchT Seniors 50"]
[Site "Vilnius"]
[Date "2014.07.20"]
[Round "8.9"]
[White "Baliuniene, Margarita"]
[Black "Sollid, Stein"]
[Result "0-1"]
[WhiteElo "1966"]
[BlackElo "2028"]
[PlyCount "60"]
[EventDate "2014.07.13"]
[EventType "team-swiss"]
[EventRounds "9"]
[EventCountry "LTU"]
[SourceTitle "CBM 161 Extra"]
[Source "ChessBase"]
[SourceDate "2014.08.29"]
[SourceVersion "1"]
[SourceVersionDate "2014.08.29"]
[SourceQuality "1"]
[WhiteTeam "Denmark"]
[BlackTeam "Norway"]
[WhiteTeamCountry "DEN"]
[BlackTeamCountry "NOR"]

1. d4 Nf6 2. c4 e6 3. Nc3 Bb4 4. Qc2 0-0 5. e3 c5 6. Bd3 Nc6 7. Nf3 d5 8. cxd5 exd5 9. dxc5 d4 10. Nxd4 Nxd4 11. exd4 Qxd4 12. Be3 Qe5 13. 0-0 Ng4 14. g3 Qh5 15. h4 Nxe3 16. fxe3 Bxc5 17. Rae1 Bh3 18. Rf2 Rae8 19. Ne4 Bb6 20. Kh2 Bd7 21. Rf4 Bc6 22. Ng5 Bxe3 23. Bxh7+ Kh8 24. Bg6 Qxg6 25. Qxg6 fxg6 26. Rxf8+ Rxf8 27. Rxe3 Rf2+ 28. Kh3 Rxb2 29. Rd3 Bg2+ 30. Kg4 Rb4+ 0-1

[Event "WchT Seniors 50"]
[Site "Vilnius"]
[Date "2014.07.19"]
[Round "7.7"]
[White "Sollid, Stein"]
[Black "Milligan, Helen"]
[Result "1-0"]
[WhiteElo "2028"]
[BlackElo "1919"]
[PlyCount "107"]
[EventDate "2014.07.13"]
[EventType "team-swiss"]
[EventRounds "9"]
[EventCountry "LTU"]
[SourceTitle "CBM 161 Extra"]
[Source "ChessBase"]
[SourceDate "2014.08.29"]
[SourceVersion "1"]
[SourceVersionDate "2014.08.29"]
[SourceQuality "1"]
[WhiteTeam "Norway"]
[BlackTeam "New Zealand"]
[WhiteTeamCountry "NOR"]
[BlackTeamCountry "NZL"]

1. e4 e5 2. Nf3 Nc6 3. Bb5 a6 4. Bxc6 dxc6 5. Nc3 Bd6 6. d4 Bg4 7. dxe5 Bxf3 8. Qxf3 Bxe5 9. Bf4 Qf6 10. Bxe5 Qxe5 11. 0-0 Nf6 12. Rad1 0-0 13. Rd3 Rad8 14. Rfd1 Rxd3 15. Qxd3 h6 16. Qd4 Qh5 17. f3 c5 18. Qd3 Rc8 19. a4 Qe5 20. b3 Kf8 21. Qc4 c6 22. a5 Ke7 23. Na4 Rc7 24. Qxc5+ Qxc5+ 25. Nxc5 h5 26. Kf2 g6 27. Ke3 Ne8 28. c4 Ng7 29. Kf4 f6 30. h4 Ne6+ 31. Nxe6 Kxe6 32. Rd8 Rg7 33. Ke3 g5 34. hxg5 Rxg5 35. Kf2 Rxa5 36. Re8+ Kf7 37. Rc8 b5 38. Rxc6 bxc4 39. Rxc4 Ra2+ 40. Kg3 a5 41. Ra4 Rb2 42. Rxa5 Rxb3 43. Rxh5 Kg6 44. Ra5 Rb2 45. Ra6 Kg7 46. Kh3 Rb1 47. g4 Rb3 48. Kg3 Rb5 49. Kf4 Rc5 50. Rd6 Kg6 51. Rd5 Rc3 52. g5 fxg5+ 53. Rxg5+ Kf6 54. Rb5 1-0

[Event "WchT Seniors 50"]
[Site "Vilnius"]
[Date "2014.07.17"]
[Round "5.8"]
[White "Kraujunas, Vladas"]
[Black "Sollid, Stein"]
[Result "1/2-1/2"]
[WhiteElo "1691"]
[BlackElo "2028"]
[PlyCount "162"]
[EventDate "2014.07.13"]
[EventType "team-swiss"]
[EventRounds "9"]
[EventCountry "LTU"]
[SourceTitle "CBM 161 Extra"]
[Source "ChessBase"]
[SourceDate "2014.08.29"]
[SourceVersion "1"]
[SourceVersionDate "2014.08.29"]
[SourceQuality "1"]
[WhiteTeam "Lithuania III"]
[BlackTeam "Norway"]
[WhiteTeamCountry "LTU"]
[BlackTeamCountry "NOR"]

1. e4 e5 2. Nf3 Nc6 3. Bb5 f5 4. d3 fxe4 5. dxe4 Nf6 6. 0-0 d6 7. Re1 Be7 8. c3 0-0 9. Nbd2 Qe8 10. Nf1 Nh5 11. Ne3 Qg6 12. Nd5 Bd8 13. Re3 Nf4 14. Nxf4 exf4 15. Re1 Be6 16. Be2 Bf6 17. Nd4 Bxd4 18. cxd4 f3 19. Bxf3 Nxd4 20. Qxd4 Rxf3 21. Kf1 Rf7 22. f4 Bd7 23. Bd2 Bc6 24. f5 Rxf5+ 25. Kg1 Raf8 26. Re2 Re5 27. Rae1 Rfe8 28. Qxa7 Bxe4 29. g3 Qg4 30. Bf4 R5e6 31. Rf2 Bc6 32. Rxe6 Qxe6 33. Qd4 Qxa2 34. Bd2 Qd5 35. Qxd5+ Bxd5 36. Ba5 c6 37. Bc7 Re6 38. b4 b5 39. Rf4 Bc4 40. h4 Re1+ 41. Kf2 Rd1 42. Ke3 Rd3+ 43. Kf2 Be6 44. Bd8 Rd5 45. Be7 Bf7 46. Ke3 c5 47. g4 c4 48. Rd4 Re5+ 49. Re4 Rxe4+ 50. Kxe4 Be6 51. g5 d5+ 52. Kd4 Kf7 53. Bd6 Kg6 54. Bg3 Kf5 55. Bf2 g6 56. Be1 Kf4 57. Bf2 Kf3 58. Be1 Ke2 59. Bg3 Kd2 60. Bf4+ Kc2 61. Bg3 Kb3 62. Be1 Bf5 63. Bc3 Kc2 64. Be1 Be4 65. Bg3 Kd1 66. Bh2 Ke2 67. Bf4 Kf3 68. Bd2 Kg4 69. Kc5 Kxh4 70. Kxb5 c3 71. Bc1 d4 72. Kc4 Kg4 73. Kxd4 Kf5 74. Kxc3 Ke5 75. Kc4 Kd6 76. Kd4 Bc6 77. Bf4+ Kd7 78. Ke5 Kc7 79. Kf6+ Kb6 80. Kg7 Be4 81. Kxh7 Bf5 1/2-1/2

[Event "WchT Seniors 50"]
[Site "Vilnius"]
[Date "2014.07.13"]
[Round "1.3"]
[White "Gefenas, Vladas"]
[Black "Sollid, Stein"]
[Result "0-1"]
[WhiteElo "2280"]
[BlackElo "2028"]
[PlyCount "34"]
[EventDate "2014.07.13"]
[EventType "team-swiss"]
[EventRounds "9"]
[EventCountry "LTU"]
[SourceTitle "CBM 161 Extra"]
[Source "ChessBase"]
[SourceDate "2014.08.29"]
[SourceVersion "1"]
[SourceVersionDate "2014.08.29"]
[SourceQuality "1"]
[WhiteTeam "Lithuania Logika"]
[BlackTeam "Norway"]
[WhiteTeamCountry "LTU"]
[BlackTeamCountry "NOR"]

1. d4 Nf6 2. Nf3 d5 3. c4 e6 4. Nc3 Bb4 5. a3 Bxc3+ 6. bxc3 0-0 7. e3 b6 8. cxd5 exd5 9. Ne5 Ne4 10. Bd3 Qh4 11. 0-0 Bb7 12. f3 Nd6 13. Qe2 Nc6 14. Bd2 Rfe8 15. Be1 Qe7 16. f4 Nxe5 17. fxe5 Ne4 0-1

[Event "EU-chT Seniors 15th"]
[Site "Dresden"]
[Date "2013.07.28"]
[Round "9"]
[White "Sollid, Stein"]
[Black "Schwertel, Johann"]
[Result "1-0"]
[WhiteElo "2019"]
[BlackElo "2010"]
[PlyCount "92"]
[EventDate "2013.07.20"]
[EventType "team-swiss"]
[EventRounds "9"]
[EventCountry "GER"]
[SourceTitle "CBM 155 Extra"]
[Source "ChessBase"]
[SourceDate "2013.08.26"]
[SourceVersion "1"]
[SourceVersionDate "2013.08.26"]
[SourceQuality "1"]
[WhiteTeam "Norway II"]
[BlackTeam "Rheno Palatinat"]
[WhiteTeamCountry "NOR"]
[BlackTeamCountry "GER"]

1. e4 c6 2. d4 d5 3. exd5 cxd5 4. c4 e6 5. Nc3 Nf6 6. Nf3 Nc6 7. c5 Be7 8. Bb5 0-0 9. 0-0 Bd7 10. Re1 a6 11. Bxc6 Bxc6 12. Ne5 Be8 13. Bf4 Nd7 14. b4 Nxe5 15. Bxe5 Bd7 16. Rb1 Bf6 17. a4 Bxe5 18. Rxe5 h6 19. Qe2 Qc7 20. Qe3 b5 21. a5 Qc6 22. Rb3 Rae8 23. Ne2 f6 24. Rh5 Re7 25. Qg3 e5 26. dxe5 fxe5 27. Rxe5 Qf6 28. Rbe3 Rxe5 29. Rxe5 Re8 30. Rxe8+ Bxe8 31. Qc3 Qf5 32. h3 Qe4 33. Qe3 Qb1+ 34. Kh2 Bd7 35. Qd4 Bc6 36. g4 Kh7 37. Nf4 Qc2 38. Qd3+ Qxd3 39. Nxd3 g5 40. Kg3 d4 41. Ne5 Be4 42. c6 Kg7 43. f3 Bd5 44. c7 Bb7 45. Nc6 Kf6 46. Kf2 Ke6 1-0

[Event "EU-chT Seniors 15th"]
[Site "Dresden"]
[Date "2013.07.25"]
[Round "6"]
[White "Bussler, Juergen"]
[Black "Sollid, Stein"]
[Result "1/2-1/2"]
[WhiteElo "2024"]
[BlackElo "2019"]
[PlyCount "64"]
[EventDate "2013.07.20"]
[EventType "team-swiss"]
[EventRounds "9"]
[EventCountry "GER"]
[SourceTitle "CBM 155 Extra"]
[Source "ChessBase"]
[SourceDate "2013.08.26"]
[SourceVersion "1"]
[SourceVersionDate "2013.08.26"]
[SourceQuality "1"]
[WhiteTeam "Bannewitz"]
[BlackTeam "Norway II"]
[WhiteTeamCountry "GER"]
[BlackTeamCountry "NOR"]

1. c4 e5 2. Nc3 Nf6 3. g3 c6 4. e4 d5 5. cxd5 cxd5 6. exd5 Nxd5 7. Bg2 Nxc3 8. bxc3 Be7 9. Ne2 0-0 10. 0-0 Nc6 11. h3 Qd3 12. Re1 Rd8 13. Qa4 Be6 14. Qe4 Qd7 15. Kh2 Bf5 16. Qe3 Bf6 17. g4 Bg6 18. Be4 Bxe4 19. Qxe4 Bg5 20. d4 Bxc1 21. Raxc1 Qe6 22. dxe5 Qxe5+ 23. Qxe5 Nxe5 24. Red1 Nd3 25. Rb1 b6 26. Kg1 Rac8 27. Rd2 Ne5 28. Rxd8+ Rxd8 29. Nd4 Kf8 30. Kf1 Rc8 31. Rb3 Nc4 32. Ke2 Nd6 1/2-1/2

[Event "EU-ch Seniors 12th"]
[Site "Kaunas"]
[Date "2012.08.23"]
[Round "6"]
[White "Sollid, Stein"]
[Black "Grabow, Pouelsten Holm"]
[Result "1/2-1/2"]
[WhiteElo "2026"]
[BlackElo "2173"]
[PlyCount "48"]
[EventDate "2012.08.18"]
[EventType "swiss"]
[EventRounds "9"]
[EventCountry "LTU"]
[SourceTitle "CBM 150 Extra"]
[Source "ChessBase"]
[SourceDate "2012.10.19"]
[SourceVersion "1"]
[SourceVersionDate "2012.10.19"]
[SourceQuality "1"]

1. e4 e6 2. d4 d5 3. exd5 exd5 4. Bd3 Bd6 5. Nf3 Nf6 6. Qe2+ Qe7 7. Qxe7+ Kxe7 8. Bg5 h6 9. Bxf6+ Kxf6 10. 0-0 Re8 11. Nbd2 Bf5 12. Bxf5 Kxf5 13. Rfe1 Nd7 14. g3 g5 15. Kg2 c6 16. Nf1 Kg6 17. N1d2 b5 18. Nb3 Bc7 19. Kf1 g4 20. Rxe8 Rxe8 21. Ne1 Bb6 22. a4 bxa4 23. Rxa4 Nf6 24. Nd3 Kg5 1/2-1/2

[Event "EU-chT Seniors"]
[Site "Rogaska Slatina"]
[Date "2012.04.04"]
[Round "9.12"]
[White "Reuben, Stewart"]
[Black "Sollid, Stein"]
[Result "0-1"]
[WhiteElo "2115"]
[BlackElo "2018"]
[PlyCount "60"]
[EventDate "2012.03.27"]
[EventType "team-swiss"]
[EventRounds "9"]
[EventCountry "SLO"]
[SourceTitle "CBM 147 Extra"]
[Source "ChessBase"]
[SourceDate "2012.04.24"]
[SourceVersion "1"]
[SourceVersionDate "2012.04.24"]
[SourceQuality "1"]
[WhiteTeam "England (Seniors) II"]
[BlackTeam "Norway (Seniors) II"]
[WhiteTeamCountry "ENG"]
[BlackTeamCountry "NOR"]

1. c4 Nf6 2. Nc3 e6 3. e4 d5 4. e5 d4 5. exf6 dxc3 6. fxg7 cxd2+ 7. Bxd2 Bxg7 8. Qc2 0-0 9. Nf3 Nc6 10. Bc3 e5 11. Rd1 Qe7 12. Be2 Bg4 13. 0-0 Rad8 14. h3 Bh5 15. Rd5 Bg6 16. Qb3 Nd4 17. Bxd4 Rxd5 18. cxd5 exd4 19. Re1 b6 20. Qc4 Qf6 21. Rd1 Re8 22. Rxd4 Qe7 23. Bd3 Bxd4 24. Qxd4 Bxd3 25. Qxd3 Qe4 26. Qa3 Qxd5 27. Qxa7 Qd1+ 28. Kh2 Qc2 29. Nd4 Qxf2 30. Qa4 Qf4+ 0-1

[Event "EU-chT Seniors"]
[Site "Rogaska Slatina"]
[Date "2012.03.28"]
[Round "2.18"]
[White "Sollid, Stein"]
[Black "Ranki, Martti"]
[Result "1/2-1/2"]
[WhiteElo "2018"]
[BlackElo "1915"]
[PlyCount "36"]
[EventDate "2012.03.27"]
[EventType "team-swiss"]
[EventRounds "9"]
[EventCountry "SLO"]
[SourceTitle "CBM 147 Extra"]
[Source "ChessBase"]
[SourceDate "2012.04.24"]
[SourceVersion "1"]
[SourceVersionDate "2012.04.24"]
[SourceQuality "1"]
[WhiteTeam "Norway (Seniors) II"]
[BlackTeam "Turku (Seniors)"]
[WhiteTeamCountry "NOR"]
[BlackTeamCountry "FIN"]

1. e4 e5 2. Bc4 Nc6 3. Nf3 Be7 4. d4 d6 5. d5 Nb8 6. 0-0 Nf6 7. Nc3 0-0 8. Ne1 c6 9. dxc6 bxc6 10. f4 Nbd7 11. Nd3 Qb6+ 12. Kh1 Qd4 13. Bb3 Nxe4 14. Qf3 Nxc3 15. bxc3 e4 16. cxd4 exf3 17. Rxf3 Bf6 18. Bb2 Bb7 1/2-1/2

[Event "Norwegian op"]
[Site "Oslo"]
[Date "2005.03.26"]
[Round "8"]
[White "Sollid, Stein"]
[Black "Kvisla, Johannes Luangtep"]
[Result "0-1"]
[WhiteElo "2133"]
[BlackElo "2003"]
[PlyCount "48"]
[EventDate "2005.03.19"]
[EventType "swiss"]
[EventRounds "9"]
[EventCountry "NOR"]
[SourceTitle "CBM 105 Extra"]
[Source "ChessBase"]
[SourceDate "2005.05.01"]
[SourceVersion "1"]
[SourceVersionDate "2005.05.01"]
[SourceQuality "1"]

1. e4 c5 2. Nf3 Nc6 3. b3 d6 4. Bb5 Bd7 5. Bb2 Nf6 6. Qe2 e5 7. 0-0 g6 8. c3 a6 9. Bxc6 Bxc6 10. d4 Nxe4 11. dxe5 Bg7 12. exd6 0-0 13. Rd1 Nxd6 14. Na3 Qc7 15. Rd3 Rfe8 16. Re3 Nf5 17. Rxe8+ Rxe8 18. Qd3 Be4 19. Qe2 Bc6 20. Qd3 Qe7 21. Kf1 Be4 22. Qe2 Nh4 23. Qe3 Bxf3 24. gxf3 Qd7 0-1

[Event "Norwegian op"]
[Site "Oslo"]
[Date "2005.03.19"]
[Round "1"]
[White "Kengis, Edvins"]
[Black "Sollid, Stein"]
[Result "1-0"]
[WhiteElo "2538"]
[BlackElo "2133"]
[PlyCount "61"]
[EventDate "2005.03.19"]
[EventType "swiss"]
[EventRounds "9"]
[EventCountry "NOR"]
[SourceTitle "CBM 105 Extra"]
[Source "ChessBase"]
[SourceDate "2005.05.01"]
[SourceVersion "1"]
[SourceVersionDate "2005.05.01"]
[SourceQuality "1"]

1. Nf3 d5 2. g3 Nf6 3. Bg2 Bf5 4. 0-0 e6 5. d3 c5 6. c4 Nc6 7. Nh4 Bg6 8. cxd5 exd5 9. Bg5 Be7 10. Nc3 d4 11. Na4 Rc8 12. Bxf6 gxf6 13. Rc1 b6 14. Qd2 f5 15. Nf3 h5 16. h4 0-0 17. b3 Re8 18. a3 Na5 19. Qb2 Qd7 20. Ne5 Qe6 21. Nxg6 fxg6 22. b4 Nb3 23. Rb1 b5 24. Nxc5 Nxc5 25. bxc5 Bxc5 26. Qxb5 Qxe2 27. Bb7 Rc7 28. Bc6 Rec8 29. Qxc5 Rxc6 30. Qxd4 Rc3 31. Rb7 1-0

[Event "Olomouc op"]
[Site "Olomouc"]
[Date "2004.07.06"]
[Round "2"]
[White "Grunberg, Mihai Lucian"]
[Black "Sollid, Stein"]
[Result "1-0"]
[WhiteElo "2403"]
[BlackElo "2137"]
[PlyCount "41"]
[EventDate "2004.07.05"]
[EventType "swiss"]
[EventRounds "9"]
[EventCountry "CZE"]
[SourceTitle "CBM 101 Extra"]
[Source "ChessBase"]
[SourceDate "2004.09.01"]
[SourceVersion "2"]
[SourceVersionDate "2004.09.01"]
[SourceQuality "1"]

1. c4 Nf6 2. Nf3 b6 3. g3 Bb7 4. Bg2 e6 5. Nc3 Be7 6. d4 0-0 7. 0-0 Ne4 8. Bd2 f5 9. d5 Bf6 10. Rc1 Na6 11. a3 Bxc3 12. Bxc3 c5 13. Qd3 exd5 14. cxd5 Nc7 15. d6 Ne8 16. Ne5 Nxc3 17. Rxc3 Bxg2 18. Kxg2 Rc8 19. b4 cxb4 20. axb4 g6 21. Qd5+ 1-0

[Event "NOR-ch op"]
[Site "Oslo"]
[Date "2004.04.10"]
[Round "8"]
[White "Sollid, Stein"]
[Black "Lie, Kjetil A"]
[Result "0-1"]
[WhiteElo "2076"]
[BlackElo "2430"]
[PlyCount "28"]
[EventDate "2004.04.03"]
[EventType "swiss"]
[EventRounds "9"]
[EventCountry "NOR"]
[SourceTitle "CBM 099 Extra"]
[Source "ChessBase"]
[SourceDate "2004.05.04"]
[SourceVersion "1"]
[SourceVersionDate "2004.05.04"]
[SourceQuality "1"]

1. e4 c5 2. Nf3 g6 3. d4 cxd4 4. Nxd4 Bg7 5. Bc4 Qa5+ 6. c3 Nf6 7. Qe2 Nc6 8. 0-0 0-0 9. Nd2 d6 10. N2b3 Qc7 11. Nxc6 bxc6 12. Bg5 a5 13. Rfe1 Ng4 14. Nd4 d5 0-1